000 00274nam a2200109Ia 4500
008 200302s9999 xx 000 0 und d
100 _aHudson Home Guides
245 _aPractical Guide to Solar Homes
260 _bBantam / Hudson Idea Books
260 _c1977
300 _a140 P.,
999 _c112
_d112